Restancêtre - Statistiques

Statistiques générales
  • Ce quiz a été pris 2 fois
  • Le résultat moyen est 3 sur 10
Statistiques - réponses
Hint Réponse % Correct
Mais tout le monde est lesbienne Marina Marc
100%
Toi tu seras le chef de ton c*l et tu vides tes poches ! Marina
100%
Marc je suis venu te dire que je viens ici en amie et que je suis là pour enterrer la hâche de guerre. Anne
50%
Quoi ? C'est pas cool? L'alcool c'est pas cool? Patrick
50%
MAAAAAAAAAARC Alexandra
0%
Pour les feuilles tu les prends comme ça, tu les roules en forme de Didjéridou et tu te les fous dans le c*l Carole Annick
0%
Mais nan ! Mais hasard de dingue ! Dr. Juiphe
0%
Si je vais les trahir? Evidemment que je vais les trahir ! Hervé
0%
Les aventuriers de Chupakabra ont décidé de vous éliminer et pour vous l'aventure s'arrête ici et maintenant Jérôme Commandeur
0%
Ca va très bien merci. Des hauts et des bas comme tout le monde. Pas mal de bas. Bon que des bas. Tony Tonic
0%
Aucun quiz correspondant
Distribution des résultats
% des personnes avec chaque résultat
Percentile par nombre de réponses
Votre historique - résultats
Vous n’avez pas pris ce quiz